| 000 | 00606 a2200169 4500 | ||
|---|---|---|---|
| 003 | Nust | ||
| 005 | 20170207154213.0 | ||
| 040 | _cNust | ||
| 082 | _a621.3 | ||
| 110 | _aWilliam H, Crouse | ||
| 245 |
_aElectrical Appliance Servicing _cWilliam H, Crouse |
||
| 260 |
_aNew York _bMcGraw-Hill _c1950 |
||
| 300 | _ax, 854p | ||
| 505 | _aSection 1. Fundamentals (Page-3) Section 2. Resistance –Heating Appliances (Page-143) Section 3. Motor-Driven Appliances (Page-317) Section 4. Refrigeration and air Conditioning (Page-731) | ||
| 538 | _aAlmirah 127, Shelf 5 | ||
| 650 | _aElectrical Appliance Servicing | ||
| 942 |
_2ddc _cBK |
||
| 999 |
_c194965 _d194965 |
||